Statistical survey of mathematics education and research in India (Record no. 65807)
[ view plain ]
| 000 -LEADER | |
|---|---|
| fixed length control field | 00383nam a2200121 4500 |
| 008 - FIXED-LENGTH DATA ELEMENTS--GENERAL INFORMATION | |
| fixed length control field | 240802b |||||||| |||| 00| 0 eng d |
| 040 ## - CATALOGING SOURCE | |
| Original cataloging agency | National Science Library |
| Transcribing agency | National Science Library |
| 080 ## - UNIVERSAL DECIMAL CLASSIFICATION NUMBER | |
| Universal Decimal Classification number | 378.147:51(063)(540) |
| Item number | L3.1/.6 |
| 100 ## - MAIN ENTRY--PERSONAL NAME | |
| Personal name | Singal, M K |
| 245 ## - TITLE STATEMENT | |
| Title | Statistical survey of mathematics education and research in India |
| 300 ## - PHYSICAL DESCRIPTION | |
| Extent | 1142-1346p. |
| 942 ## - ADDED ENTRY ELEMENTS (KOHA) | |
| Source of classification or shelving scheme | Universal Decimal Classification |
| Koha item type | Books |
| Withdrawn status | Lost status | Source of classification or shelving scheme | Damaged status | Not for loan | Home library | Current library | Shelving location | Date acquired | Total Checkouts | Full call number | Barcode | Date last seen | Price effective from | Koha item type |
|---|---|---|---|---|---|---|---|---|---|---|---|---|---|---|
| Universal Decimal Classification | National Science Library | National Science Library | SF/RK-B2/C-10/R-3 | 02/08/2024 | 378.147:51(063)(540), L3.1/.6 | 44020 | 02/08/2024 | 02/08/2024 | Books |